Fr. Conceicao Rodrigues College of Engineering

Introduction to numerical analysis (Record no. 21257)

MARC details
000 -LEADER
fixed length control field 00298nam a2200133Ia 4500
082 ## - DEWEY DECIMAL CLASSIFICATION NUMBER
Classification number 519.4
Item number ATK
100 ## - MAIN ENTRY--PERSONAL NAME
Personal name Atkinson/ K.E.
245 ## - TITLE STATEMENT
Title Introduction to numerical analysis
260 ## - PUBLICATION, DISTRIBUTION, ETC.
Name of publisher, distributor, etc. John wiley
Place of publication, distribution, etc. Singapore
Date of publication, distribution, etc. 1959
300 ## - PHYSICAL DESCRIPTION
Extent 693
546 ## - LANGUAGE NOTE
Language note ENGLISH
654 ## - SUBJECT ADDED ENTRY--FACETED TOPICAL TERMS
Focus term numerical
942 ## - ADDED ENTRY ELEMENTS (KOHA)
Koha item type BOOK
Holdings
Withdrawn status Lost status Damaged status Not for loan Collection Home library Current library Date acquired Source of acquisition Cost, normal purchase price Inventory number Total Checkouts Full call number Barcode Date last seen Cost, replacement price Price effective from Koha item type
        CRC Fr. Agnel's C.Rodrigues College of Engineering Fr. Agnel's C.Rodrigues College of Engineering 17/03/2023 Progressive Books 319.00 2056 dt 05.9.92   519.4 ATK 3818 17/03/2023 319.00 05/09/1992 BOOK